192 - Né(es) un 11 juillet. - Statistiques

Statistiques générales
  • Ce quiz a été pris 9 fois
  • Le résultat moyen est 3 sur 9
Statistiques - réponses
Hint Année de naissance Réponse % Correct
Joueur de football autant connu pour son talent que ses blessures à répétition passé notamment par le Stade Rennais et l'AC Milan. 1986 Yoann Gourcuff
71%
Sixième président des États-Unis pour un unique mandat de 1825 à 1829. 1767 John Quincy Adams
43%
Acteur français vu dans la série "Un village français". Lauréat en 1986 du César du meilleur acteur pour "Escalier C". 1956 Daniel Robin-Renucci|Robin Renucci
29%
Styliste italien ayant travaillé pour Nino Cerruti de 1961 à 1970 avant de se me mettre à son compte. 1934 Giorgio Armani
29%
Acteur russo-américain, lauréat de l'Oscar du meilleur acteur pour son rôle du roi de Siam dans la version filmée du "Roi et moi". 1920 Juli Borissovitch Bryner|Yul Brynner
29%
Navigateur français vainqueur du premier Vendée Globe en 1990. 1955 Titouan Lamazou
29%
Colauréat avec Nikolaï Bassov d'une moitié du prix Nobel de physique de 1964 pour des travaux fondamentaux en électronique quantique. 1916 Alexandre Mikhaïlovitch Prokhorov
14%
Acteur italien dont le nom est devenu celui d'une récompense reçue par Jean Gabin à deux reprises. 1921 Franco Volpi
14%
Ministre de la Santé de 1986 à 1988, puis présidente d'UNICEF France de 2012 à 2015. 1943 Michèle Barzach
14%
Aucun quiz correspondant
Distribution des résultats
% des personnes avec chaque résultat
Percentile par nombre de réponses
Votre historique - résultats
Vous n’avez pas pris ce quiz